Catálogo Biblioteca Central

Empezar bien el milenio, con empleo decente para los jóvenes (Registro nro. 122324)

Detalles MARC
000 -CABECERA
campo de control de longitud fija 00665naa a2200205 4500
001 - NÚMERO DE CONTROL
campo de control 122324
003 - IDENTIFICADOR DEL NÚMERO DE CONTROL
campo de control ES-MaBCM
005 - FECHA Y HORA DE LA ÚLTIMA TRANSACCIÓN
campo de control 20241016143731.0
008 - CÓDIGOS DE INFORMACIÓN DE LONGITUD FIJA
campo de control de longitud fija 060109s2005 che|r0p 0 ||spa d
021 ## -
-- xx
035 ## - NÚMERO DE CONTROL DEL SISTEMA
Número de control de sistema (OCoLC)820351321
040 ## - FUENTE DE LA CATALOGACIÓN
Centro transcriptor ES-MaBCM
100 1# - PUNTO DE ACCESO PRINCIPAL - NOMBRE DE PERSONA
Nombre de persona Rosas, Gianni
9 (RLIN) 68910
245 00 - MENCIÓN DE TÍTULO
Título Empezar bien el milenio, con empleo decente para los jóvenes
Mención de responsabilidad etc. Gianni Rosas y Giovanna Rossignotti
520 0# - SUMARIO, ETC.
Sumario etc. Contiene bibliografía
650 17 - PUNTO DE ACCESO ADICIONAL DE MATERIA--TÉRMINO DE MATERIA
Término de materia o nombre geográfico como elemento inicial Trabajo de jóvenes
9 (RLIN) 58523
700 1# - PUNTO DE ACCESO ADICIONAL--NOMBRE DE PERSONA
Nombre de persona Rossignotti, Giovanna
9 (RLIN) 68911
773 0# - ENLACE AL DOCUMENTO FUENTE
Encabezamiento principal En:
Título Revista internacional del trabajo
Lugar editor y fecha de publicación Ginebra
Número de control del registro relacionado 104633
Parte(s) relacionada(s) Vol. 124, n. 2 (2005), p. 153-177
942 ## - ELEMENTOS DE PUNTO DE ACCESO ADICIONAL (KOHA)
Tipo de ítem Koha Artículos de revistas
Existencias
Estado de retiro Estado de pérdida Estado dañado No para préstamo Localización permanente Ubicación/localización actual Fecha de adquisición Precio válido a partir de Tipo de ítem Koha
        Biblioteca Central del Ministerio de la Presidencia Biblioteca Central del Ministerio de la Presidencia 21/04/2012 21/04/2012 Artículos de revistas